| 000 | 00379nam a22001457a 4500 | ||
|---|---|---|---|
| 003 | macl | ||
| 005 | 20180922160915.0 | ||
| 008 | 180922b xxu||||| |||| 00| 0 eng d | ||
| 040 | _cmacl | ||
| 100 |
_aJhari, V . D. _972917 |
||
| 245 | _aShort Stories from sanskrit Literature | ||
| 260 |
_aNew Delhi _bWorld Literature India _c2015 |
||
| 650 |
_aStories _972918 |
||
| 942 |
_2ddc _cBK |
||
| 999 |
_c58333 _d58333 |
||